000
00280nam a2200109Ia 4500
008
190216s9999||||xx |||||||||||||| ||und||
100
_a
Raj K Bansal
245
0
_a
Organic Reaction Mechanisms
260
_b
Tata Mcgraw Hill Publishing Company Ltd
_c
1978
300
_a
490
942
_c
BK
999
_c
2168
_d
2168